00780nam a2200169 a 4500003000200000005001700002008004100019050003500060100002100095245019500116260009000311300004000401504004100441650004500482650004300527650004000570020250528113530.0021122s19uu xx 00 eng d aPHS TK 5105.875.I57b.F47 2002 aFerrer, Michael. aA Comparative study on the perceived advantages and disadvantages of internet usage among the fourth year students of Southville International School and Southridge School /cMichael Ferrer. aLas Piñas City, Philippines :bSouthville International School and Colleges,c2002. a33 pages :billustrations ;c28 cm. aIncludes bibliographical references. aInternet usagezPhilippinesxEvaluation. aInternetxSocial aspectszPhilippines. aInternet in educationzPhilippines.